Доклад делопроизводителя Департамента народного просвещения А.А. Мусина-Пушкина о командировке во Францию для изучения постановк...

Доступно только в Электронных читальных залах Найти на картеНа карте
RUSMARC
00003704nmc2a22002413x 450
0016f619d2e-4eaf-4ff7-9da1-c1eb7dc8e32f
00520230831122921.0
100##$a20221222l18821882k l0rusy0189 ca
1010#$arus
102##$aRU
105##$ay###
1222#$ad
2001#$aДоклад делопроизводителя Департамента народного просвещения А.А. Мусина-Пушкина о командировке во Францию для изучения постановки преподавания гуманитарных предметов и состояния реального образования во французских средних учебных заведениях
$j1882 г.
215##$a73 л.
$d36,5х26 см
251##$cДело
300##$aДело
371##$aДокумент не является опубликованным и широко распространяемым
461#0$1001a74412a3-3cc5-4d21-8f0a-dfe2fbd9e72d
$12001
$aДепартамент народного просвещения Министерства народного просвещения (1803-1917)
$1251
$cФонд
$1852
$j733
462#0$1001eee5cd01-9790-469a-9945-6bffddbc7761
$12001
$aРазряд общих дел
$1251
$cОпись
$1852
$j228
801#0$aRU
$bРГИА
$c20221222
$gRCR
801#1$aRU
$bГлавНИВЦ
$c20221222
$2rusmarc
801#2$aRU
$bПБ им. Б.Н. Ельцина
$c20230831
$gRCR
$2rusmarc
850##$aРГИА
852##$aРГИА
$eФедеральное казенное учреждение "Российский государственный исторический архив" (РГИА)
$j167
937##$hРГИА
$d12396396
$aASBIBLIO_SCAN
035##$aRusGRCC00059003
856##$uhttp://readingroom.main.prlib.ru/item.aspx?id_node=n187289116&mode=full
Формат отображения